Physician's prescription manual. (Record no. 37986)

MARC details
000 -LEADER
fixed length control field 00641cam a22002291 4500
001 - CONTROL NUMBER
control field med47000154
003 - CONTROL NUMBER IDENTIFIER
control field DLC
005 - DATE AND TIME OF LATEST TRANSACTION
control field 20260227111558.0
008 - FIXED-LENGTH DATA ELEMENTS--GENERAL INFORMATION
fixed length control field 770809s1946 miu 000 0 eng c
010 ## - LIBRARY OF CONGRESS CONTROL NUMBER
LC control number med47000154
035 ## - SYSTEM CONTROL NUMBER
System control number (OCoLC)3172605
040 ## - CATALOGING SOURCE
Original cataloging agency U. S. Army medical library
Transcribing agency GAT
Modifying agency GAT
-- DLC
042 ## - AUTHENTICATION CODE
Authentication code premarc
050 00 - LIBRARY OF CONGRESS CALL NUMBER
Classification number RS125
Item number .B5
082 ## - DEWEY DECIMAL CLASSIFICATION NUMBER
Classification number 615.13
100 1# - MAIN ENTRY--PERSONAL NAME
Personal name Bistran, Warren John,
Dates associated with a name 1915-
245 10 - TITLE STATEMENT
Title Physician's prescription manual.
250 ## - EDITION STATEMENT
Edition statement 1st ed., 1946.
260 ## - PUBLICATION, DISTRIBUTION, ETC.
Place of publication, distribution, etc. Grosse Pointe, Mich.,
Name of publisher, distributor, etc. Woods,
Date of publication, distribution, etc. c1946.
300 ## - PHYSICAL DESCRIPTION
Extent 212 p.
Dimensions 20 cm.
650 #0 - SUBJECT ADDED ENTRY--TOPICAL TERM
Topical term or geographic name entry element Medicine
General subdivision Formulae, receipts, prescriptions.

No items available.

Powered by Koha